000
00297nam a2200121Ia 4500
005
20260328101520.0
008
260328s9999||||xx |||||||||||||| ||und||
100
_a
Pairault, S.
245
0
_a
Paris :
_b
Visto por los Pintores /
_c
S. Pairault
260
_b
Larousse
650
_a
PINTURA
942
_c
BK
999
_c
9556
_d
9556